Word Ladder: Monty's Revenge Quiz Stats

 Plays Quiz not verified by Sporcle

Score 0/26 Timer 02:00
0 Plays Today
Hint 4-Letter Word % Correct
$ CREATE $$ MAKE $
92.9%
Tent siteCAMP
92.9%
Pork or Karate ____CHOP
92.9%
SpouseMATE
91.1%
Stallion's mateMARE
91.1%
Hamill, Twain, or Trade ____MARK
91.1%
ArrivedCAME
91.1%
Chicken houseCOOP
91.1%
GratisCOMP
89.3%
UnlitDARK
87.5%
$ CONTEST $$ GAME $
87.5%
$ ALLOW US $$ LET'S $
83.9%
New York nineMETS
83.9%
Hint 4-Letter Word % Correct
$ EXHIBIT $$ SHOW $
82.1%
Dole outMETE
80.4%
StormGALE
80.4%
VittlesCHOW
78.6%
GreenspacePARK
75%
$ HOST: MONTY $$ HALL $
75%
$ A BARGAIN $$ DEAL $
73.2%
BileGALL
73.2%
BenefitPERK
71.4%
InfernoHELL
69.6%
MendHEAL
67.9%
Bell soundPEAL
66.1%
AcmePEAK
64.3%

You're not logged in!

Compare scores with friends on all Sporcle quizzes.
OR
Log In

Show Comments

Extras

Top Quizzes Today


Score Distribution

Your Account Isn't Verified!

In order to create a playlist on Sporcle, you need to verify the email address you used during registration. Go to your Sporcle Settings to finish the process.

Report this User

Report this user for behavior that violates our Community Guidelines.

Details: